"Right Here, Right Now" Jesus Jones Lyrics - Statistics

General Stats
  • This quiz has been taken 20 times
  • The average score is 57 of 98
Answer Stats
Lyrics % Correct
be
94%
be
94%
her
94%
here
94%
here
94%
I
94%
I
94%
I
94%
I
94%
I
94%
I
94%
no
94%
now
94%
now
94%
right
94%
right
94%
right
94%
right
94%
when
94%
when
94%
is
88%
the
88%
the
88%
the
88%
the
88%
the
88%
the
88%
there
88%
you
88%
to
82%
to
82%
to
82%
A
76%
an
76%
it
71%
it
71%
place
71%
want
71%
world
71%
world
71%
and
65%
and
65%
and
65%
it's
65%
on
65%
up
65%
by
59%
for
59%
from
59%
other
59%
watching
59%
history
53%
in
53%
wake
53%
your
53%
was
47%
was
47%
could
41%
know
41%
of
41%
of
41%
this
41%
this
41%
alive
35%
alive
35%
alive
35%
already
35%
at
35%
eye
35%
if
35%
saw
35%
there's
35%
woman
35%
about
29%
about
29%
blink
29%
oh
29%
passed
29%
radio
29%
revolution
29%
then
29%
Bob
24%
change
24%
Dylan
24%
feels
24%
good
24%
have
24%
sing
24%
waited
24%
waited
24%
waited
24%
decade
18%
seemed
18%
talks
18%
times
18%
anything
12%
didn't
12%
sign
12%
No matching quizzes found
Score Distribution
Percent of People with Each Score
Percentile by Number Answered
Your Score History
You have not taken this quiz